Statistics for Jeopardy #8596

Click here to take the quiz!

General Stats

  • This quiz has been taken 21 times
  • The average score is 17 of 61

Answer Stats

CategoryCashClueAnswer% Correct
HOBBIES$400After you've made your pottery, you may want to fire it in one of these ovensa kiln
83%
EUROPE$200This northern region encompassing several countries is sometimes reckoned to include Finland & the Faroe IslandsScandinavia
83%
'70s TELEVISION$200The alien Mork came to Earth to study humans like this other title character he bonds withMindy
75%
EUROPE$800This capital of Belarus was almost completely destroyed during World War IIMinsk
75%
HOBBIES$600Instead of paraffin, you might opt to make your candles from this, a by-product of honey makingbeeswax
67%
HOBBIES$200Maybe you want to make this type of decorative window; Chartres Cathedral has ones for inspirationstained glass
67%
A FEW MOMENTS WITH MILLARD FILLMORE$200This West Coast state joined the union during Fillmore's presidencyCalifornia
58%
EUROPE$600Finally realizing independence in 1993, it had been called "Upper Hungary"Slovakia
58%
'70s TELEVISION$400Bo & Luke, this title pair, were always working to stay one step ahead of Sheriff Coltrane & Boss Hoggthe Dukes of Hazzard
58%
WORDS WITH ONLY ONE CONSONANT$600A signal to an actora cue
50%
HOBBIES$800Pinching buds, pruning & wiring branches are part of this, a loanword from Japanese that means "planted in a container"bonsai
50%
A FEW MOMENTS WITH MILLARD FILLMORE$600Too-friendly-to-slavery Millard's name is being taken off things at UB, the U. at this city in New York where he was 1st chancellorBuffalo
50%
A FEW MOMENTS WITH MILLARD FILLMORE$1000One of Fillmore's nicknames was "the last of" this political party's presidentsWhig
50%
WORDS WITH ONLY ONE CONSONANT$200A set cost for a service provideda fee
42%
HOBBIES$1000Settle in with some needlework & crochet this cozy blanket that gets its name from the land of the Pashtun peopleafghan
42%
'70s TELEVISION$800For three seasons, this actress helped protect our world as Diana Prince, an Amazon better known as Wonder WomanLynda Carter
42%
'70s TELEVISION$600Jan, Cindy & this eldest were the 3 daughters in "The Brady Bunch"Marcia
42%
EUROPE$1000This former Yugoslav republic named for a mountain has the Tara River Canyon, one of Europe's deepest & a nice bridge over itMontenegro
42%
'70s TELEVISION$1000According to our "Files", this private eye lived in a trailer in Malibu but drove his Pontiac Firebird all over Los AngelesRockford
42%
THE NEW YORK TIMES BOOK REVIEW$400In 1976 James Baldwin reviewed this book that "begins in Gambia West Africa in 1750 with the birth of... Kunta Kinte"Roots
42%
WORDS WITH ONLY ONE CONSONANT$400A bitter brew often with higher alcohol contentan ale
33%
I LOVE YOU 3,000$400He's not a total outcast; he's a musical & fashion trendsetterAndre 3000
33%
A FEW MOMENTS WITH MILLARD FILLMORE$800Shortly after taking office, Fillmore named this religious leader the governor of the Utah territory(Brigham) Young
33%
THE NEW YORK TIMES BOOK REVIEW$1600Offering "very good advice on bad assumptions" is what the reviewer had to say about "How to Win Friends and" do thisInfluence People
33%
THE NEW YORK TIMES BOOK REVIEW$800In 1911 this author made news when he attended a birthday party for a dog named Fluffy Ruffles, not White Fang(Jack) London
33%
I LOVE YOU 3,000$600This shortstop was the first of all the team's superstars to join the 3,000-hit club as a Yankee, doing so with a home run in 2011Jeter
33%
THE NEW YORK TIMES BOOK REVIEW$1200Begun as a Saturday supplement in 1896, the first review included an update on this writer, incarcerated in Reading GaolOscar Wilde
33%
EUROPE$400Rossini never visited this Spanish city where he set an 1816 operaSeville
33%
TUNE RIVER$400It's said that he wrote the 2003 hit "Cry Me A River" about an ex, Britney SpearsTimberlake
33%
I LOVE YOU 3,000$1000In 2021 a trader's "fat-finger" error led to a sale price of $3,000 instead of $300,000 for an NFT, short for thisa non-fungible token
25%
NUCLEAR PHYSICS$400When 2 light nuclei combine to form a single heavier nucleus, it's called this processfusion
25%
TUNE RIVER$800In her first solo No. 1 hit after leaving The Supremes, she sang, "Ain't no river wide enough to keep me from you"Ross
25%
WORDS WITH ONLY ONE CONSONANT$800Great sorrowwoe
25%
WORDS WITH ONLY ONE CONSONANT$1000Home for an ospreyan aerie
17%
NUCLEAR PHYSICS$1200The first people to use the term "atom" were the ancient Greeks & in their language, it refers to this qualityindivisibility
17%
TUNE RIVER$2000It's the river that's "chilly & cold" as well as "deep & wide" in "Michael, row the boat ashore"Jordan
17%
TUNE RIVER$1200Jerome Kern wrote this standard about the Mississippi River for the musical "Show Boat""Ol\' Man River"
17%
A FEW MOMENTS WITH MILLARD FILLMORE$400In 1848 Fillmore wrote to this man who had chosen him for VP, saying I know you never heard of me before the conventionTaylor
17%
I LOVE YOU 3,000$800Beginning where the Lualaba & Luvua meet, this river flows almost 3,000 miles through West Central Africa to the Atlanticthe Congo
17%
RHYMING WITH THE GREEK GODS$800A whole geologic time period centered on the queen of the Olympiansa Hera era
8%
RHYMING WITH THE GREEK GODS$400A prohibition on the horned god of shepherds & flocksa Pan ban
8%
RHYMING WITH THE GREEK GODS$1600An unexpected extra father of Zeusbonus Cronus
8%
NUCLEAR PHYSICS$2000This fertile word is the "B" in FBR, a reactor that produces more nuclear fuel than it consumes while generating powerbreeder
8%
"SH"!$1200Once considered a rare breed, this dog was originally used for hunting & guarding in ChinaShar-Pei
8%
"SH"!$400From the name of a British army officer, it's fragments from an exploded bomb, mine or shellshrapnel
8%
LIBRARIES$2000The archives of this "Father of Existentialism" are housed at the Royal Library in CopenhagenSøren Kierkegaard
8%
RHYMING WITH THE GREEK GODS$2000Deception practiced by the muse of danceTerpsichore trickery
8%
LIBRARIES$800You don't have to work in government to use the main reading room here, but you do need an appointmentthe Library of Congress
8%
NUCLEAR PHYSICS$800Each particle in this Greek letter type of radiation used safely in home smoke detectors is identical to a helium nucleusalpha radiation
0%
THE NEW YORK TIMES BOOK REVIEW$2000In an interview, this author said he prepared for writing "The Lincoln Highway" by reading many works set in the 1950sAmor Towles
0%
LIBRARIES$1600The National Library of Medicine is maintained by the National Institutes of Health in this unincorporated Maryland communityBethesda
0%
WORLD WAR IN/ASuvla Bay & Cape Helles were major landing sites along this peninsulaGallipoli
0%
LIBRARIES$1200Mayor La Guardia named the 2 marble lions outside the NYPL this & Fortitude, qualities needed to survive the depressionPatience
0%
"SH"!$2000It's a Middle Eastern sandwich in a pita or wrap with lamb or chicken, shaved from a rotating spitshawarma
0%
"SH"!$1600One of the earliest written mentions of this Native American people that included Sacagawea is in the journals of Lewis & ClarkShoshone
0%
TUNE RIVER$1600Big Mouth Billy Bass, a fish mounted on a plaque, lip-synched "Don't Worry, Be Happy" & this apt Al Green tune"Take Me To The River"
0%
"SH"!$800According to its website, this international is a fraternity based on fun, fellowship & masonic principlesthe Shriners
0%
LIBRARIES$400Its present building was erected under Pope Sixtus Vthe Vatican Library
0%
RHYMING WITH THE GREEK GODS$1200To walk behind the major god whose twin was Artemisto follow Apollo
0%
NUCLEAR PHYSICS$1600From their position on the periodic table, elements with atomic numbers greater than 92 are labeled with this termtransuranium
0%
I LOVE YOU 3,000$200"U" know it's the designation for radio frequencies between 300 & 3,000 megahertzUHF (ultra high frequency)
0%

Score Distribution

Percentile by Number Answered

Percent of People with Each Score

Your Score History

You have not taken this quiz